LIBRARY & INFORMATION CENTRE, KCAET, TAVANUR

ONLINE PUBLIC ACCESS CATALOGUE (OPAC)

Wind Energy Resource Survey in India, Part 2 / (Record no. 5462)

MARC details
000 -LEADER
fixed length control field 00347cam a2200133ua 4500
020 ## - INTERNATIONAL STANDARD BOOK NUMBER
ISBN 81-7023-358-5
082 ## - DEWEY DECIMAL CLASSIFICATION NUMBER
Classification number 621.312136
Item number ANN/WI
100 ## - MAIN ENTRY--AUTHOR NAME
Personal name Anna Mani, .
245 ## - TITLE STATEMENT
Title Wind Energy Resource Survey in India, Part 2 /
250 ## - EDITION STATEMENT
Edition statement 1 /
260 ## - PUBLICATION, DISTRIBUTION, ETC. (IMPRINT)
Place of publication Mumbai :
Name of publisher Allied Publishers Pvt Ltd ,
Year of publication 1995.
300 ## - PHYSICAL DESCRIPTION
Number of Pages 591 ; .
942 ## - ADDED ENTRY ELEMENTS (KOHA)
Koha item type Reference
Holdings
Withdrawn status Lost status Damaged status Collection code Home library Current library Shelving location Date acquired Full call number Accession Number Koha item type
      Reference KAUAET KAUAET Reference 07/04/2012 621.312136.ANN/WIN 19395 Reference
free website counter